| 000 | 00744cam a2200265 a 4500 | ||
|---|---|---|---|
| 999 |
_c8813 _d8813 |
||
| 001 | 8813 | ||
| 003 | BD-JhCC | ||
| 005 | 20180709121327.0 | ||
| 008 | 000207s1991 ph b 00000 eng | ||
| 020 | _a0833213210 | ||
| 035 | _a(BD-JhCC) | ||
| 040 |
_aANL _dANL _d(BD-JhCC)8813 |
||
| 041 | _aeng | ||
| 050 | 0 | 0 |
_aLA1292 _b.D588 1991 |
| 082 |
_bVIS 1980 _a809 |
||
| 100 | 1 | _aDizon, Rolando R. | |
| 245 | 1 | 0 |
_aVisions and revisions : _bkey to reading / _cLouise Matteoni ...[et.al]. |
| 260 |
_aQuezon City : _bPhoenix Pub. House, _cc1991. |
||
| 300 |
_axi, 93 p. ; _c22 cm. |
||
| 504 | _aIncludes bibliographical references. | ||
| 650 | 0 |
_aEducation _zPhilippines. |
|
| 700 | _aMatteoni, Louise | ||
| 942 |
_2ddc _cBK |
||